Song lyrics synonyms - Statistics

General Stats
  • This quiz has been taken 66 times
  • The average score is 3 of 10
Answer Stats
Hint Answer % Correct
Capital of the United Kingdom crying out to very distant conurbations. London Calling
76%
First person singular would like to dangle from the ceiling fixture Chandelier
73%
Provide me with, provide me with, provide me with a male human being later than twelve at night. Gimme Gimme Gimme (a man after midnight)
39%
She is called "river" in Spanish and performs rhythmic movements on small pebbles. Rio
34%
Fate, fate lizard, you appear and disappear. Karma Chameleon
31%
Each period of 24 hours resembles the seventh day of the week. Each period of 24 hours is devoid of sound and of an intermediate color between black and white. Everyday is like Sunday
8%
Emotional attachment presents itself as an unfamiliar person in a cabriolet. Love is a Stranger
8%
For what reason do the two of us have noisy arguments? This is comparable to the screams of the biological family "columbidae". When Doves Cry
8%
Second person singular is all that I require and more, it is noted all across your visage, newborn child, I am able to sight your radiance. Halo
7%
First person singular resembles a member of the class "aves", first person singular merely leaves by travelling through the air. I´m like a Bird
0%
No matching quizzes found
Score Distribution
Percent of People with Each Score
Percentile by Number Answered
Your Score History
You have not taken this quiz